Catálogo
 En Linea

Ensayos sobre economía / (Registro nro. 13917)

Detalles MARC
000 -CABECERA
campo de control de longitud fija 00607cam a2200193 a 4500
001 - NÚMERO DE CONTROL
campo de control 000014322
005 - FECHA Y HORA DE LA ÚLTIMA TRANSACCIÓN
campo de control 20200929163555.0
008 - DATOS DE LONGITUD FIJA--INFORMACIÓN GENERAL
campo de control de longitud fija 820610s1965 ve a 000 0 spa d
040 ## - FUENTE DE LA CATALOGACIÓN
Centro catalogador/agencia de origen DO-SdBNP
Lengua de catalogación spa
Centro/agencia transcriptor BNPHU
082 ## - NÚMERO DE LA CLASIFICACIÓN DECIMAL DEWEY
Número de clasificación 330
Número de documento/Ítem P393e
100 1# - ENTRADA PRINCIPAL--NOMBRE DE PERSONA
Nombre de persona Peltzer, Ernesto
9 (RLIN) 32305
245 10 - MENCIÓN DE TÍTULO
Título Ensayos sobre economía /
Mención de responsabilidad, etc. Ernesto Peltzer.
260 ## - PUBLICACIÓN, DISTRIBUCIÓN, ETC.
Lugar de publicación, distribución, etc. Caracas, Venezuela :
Nombre del editor, distribuidor, etc. Banco Central de Venezuela,
Fecha de publicación, distribución, etc. 1965.
300 ## - DESCRIPCIÓN FÍSICA
Extensión xxi, 457 p. :
Otras características físicas il. ;
Dimensiones 24 cm.
490 1# - MENCIÓN DE SERIE
Mención de serie XXV Aniversario
650 #4 - PUNTO DE ACCESO ADICIONAL DE MATERIA--TÉRMINO DE MATERIA
Término de materia o nombre geográfico como elemento de entrada Economía
Subdivisión geográfica Venezuela
Subdivisión general Ensayos
9 (RLIN) 32306
650 #4 - PUNTO DE ACCESO ADICIONAL DE MATERIA--TÉRMINO DE MATERIA
Término de materia o nombre geográfico como elemento de entrada Mercado financiero
9 (RLIN) 32307
830 #0 - PUNTO DE ACCESO ADICIONAL DE SERIE-TÍTULO UNIFORME
Título uniforme XXV Aniversario
9 (RLIN) 32308
Existencias
Estado de retiro Estado de pérdida Restricciones de uso No para préstamo Código de colección Localización permanente Ubicación/localización actual Ubicación en estantería Fecha de adquisición Número de inventario Total de préstamos Signatura topográfica completa Código de barras Fecha visto por última vez Precio válido a partir de Tipo de ítem Koha Número de copia
        Monografías: Libros y Folletos General General Depósito 09.12.2009 LF1   330 P393e 14322-10 25.06.2020 25.06.2020 Préstamo en sala  
    Préstamo restringido Préstamo restrigido Monografías: Libros y Folletos General General Depósito 09.12.2009 LF1   330 P393e 14322-20 25.06.2020 25.06.2020 Préstamo en sala e.2

Con tecnología Koha